| 000 | 00619nam a2200157 a 4500 | ||
|---|---|---|---|
| 008 | 120416s0000 ||||||||||||||||| || u | ||
| 020 | _a0821339915 | ||
| 050 | _aIBRD(08)DP | ||
| 100 | _aGisselquist, David | ||
| 245 | 1 | 0 |
_aEasing barriers to movement of plant varieties for agricultural development _cedited by David Gisselquist |
| 260 |
_aWashington, D. C. _bWorld Bank _c1997 |
||
| 300 | _aix, 148p. : ill. | ||
| 350 | _a0.00 | ||
| 700 | _aSrivastava, Jitendra, 1940- | ||
| 995 |
_D0.00 _FCBU-MAIN LIBRARY (Kitwe) _H1 _I0.00 _M1 _UAVAILABLE _ZInternational Publications |
||
| 999 |
_c40648 _d40648 |
||